Lataa...
| LEADER | 00643nam a22001817a 4500 | ||
|---|---|---|---|
| 003 | OSt | ||
| 020 | |a 9788126429721 | ||
| 082 | |a 922.945 |b SWA/HI | ||
| 100 | |a Swami rama | ||
| 245 | |a ഹിമാലയത്തിലെ ഗുരുക്കന്മാരോടൊപ്പം | ||
| 260 | |a Kottyam |b D C Books |c 2016 | ||
| 300 | |a 439 | ||
| 500 | |a Himalayathile gurukkanmarodoppam | ||
| 546 | |a Malayalam | ||
| 650 | |a Biographi | ||
| 942 | |2 ddc |c BK | ||
| 999 | |c 154770 |d 154770 | ||
| 952 | |0 0 |1 0 |2 ddc |4 0 |6 922_945000000000000_SWAHI |7 0 |8 Gen |9 153849 |a KAUCLV |b KAUCLV |c GENERAL |d 2017-02-17 |g 375.00 |l 2 |o 922.945 SWA/HI |p 225851 |r 2019-07-15 |s 2019-07-02 |w 2017-02-17 |y BK | ||